Kenegaraan Malaysia dari perspektif Islam

Bibliographic Details
Main Author: haji Mohd Nakhaie Haji Ahmad
Format: Book
Published: Kuala Lumpur : Yayasan Dakwah Islamiah Malaysia , 2000
Series:Siri Wacana politik Islam:Siri 1
Subjects:

MARC

LEADER 00000cam a2200000 7i4500
001 0000093902
005 20081205.0
020 |a 9839878239 
090 0 0 |a 320.45950882971   |b MOH 
100 0 |a haji Mohd Nakhaie Haji Ahmad 
245 1 0 |a Kenegaraan Malaysia dari perspektif Islam   |c Haji Mohd Nakhaie Hj.Ahmad 
260 |a Kuala Lumpur :   |b Yayasan Dakwah Islamiah Malaysia ,   |c 2000 
300 |a 67p. ;   |c 17cm. 
490 0 |a Siri Wacana politik Islam:Siri 1 
650 0 0 |a Islam and politics   |z Malaysia 
650 0 0 |a Islam and state   |z Malaysia 
999 |a 00186528   |b BUKU   |c PINJAMAN   |e PERPUSTAKAAN KOMUNITI PETALING JAYA